000 00504nam a2200169Ia 4500
008 110201s9999 xx 000 0 und d
082 _bB6655
_aS 970
100 _aशिरीष कणेकर
245 _aगोतावळा
260 _bमॅजेस्टिक प्रकाशन
365 _b125
600 _aशिरीष कणेकर
630 _aगोतावळा
700 _aशिरीष कणेकर
730 _aगोतावळा
942 _cBOOK
999 _c832252
_d832249